000 002450000a22000970004500
100 1 _aJones, Rebecca
245 1 0 _aMi credo como una mujer cristiana
300 _aVol. 6, Núm 1 (2004), Páginas 117-120
773 0 _tReforma Siglo 21
942 _cANA
999 _c52960
_d52960